LEADER 01093nam0-22003491i-450- 001 990005285240403321 005 20101220140251.0 035 $a000528524 035 $aFED01000528524 035 $a(Aleph)000528524FED01 035 $a000528524 100 $a19990604d1961----km-y0itay50------ba 101 0 $aita 102 $aIT 105 $ay-------101yy 200 1 $a<>cardinale Cesare Baronio$econferenza tenuta il 4 dicembre 1907 nel seminario di Bergamo ricorrendo il terzo centenario dalla morte$fAngelo Roncalli 210 $aRoma$cEdizioni di Storia e Letteratura$d1961 215 $a61 p., 10 tav.$d30 cm 610 0 $aBaronio, Cesare 676 $a282.092$v21$zita 676 $a928 700 1$aIoannes$dXXIII,$cpapa$0288823 801 0$aIT$bUNINA$gRICA$2UNIMARC 901 $aBK 912 $a990005285240403321 952 $aBusta 24 (3) 7$b70045$fFGBC 952 $a282.092 RON 1$bST REL. 1264$fFLFBC 952 $a928 CONV BERGAMO 1907$bST.REL. 1311$fFLFBC 959 $aFLFBC 959 $aFGBC 996 $aCardinale Cesare Baronio$9537864 997 $aUNINA LEADER 02119nam 2200637 a 450 001 9910789804803321 005 20200520144314.0 010 $a1-136-88544-7 010 $a1-283-10547-0 010 $a9786613105479 010 $a0-203-83955-2 035 $a(CKB)2670000000081768 035 $a(EBL)614771 035 $a(OCoLC)720401381 035 $a(SSID)ssj0000517903 035 $a(PQKBManifestationID)11365833 035 $a(PQKBTitleCode)TC0000517903 035 $a(PQKBWorkID)10491812 035 $a(PQKB)10200226 035 $a(Au-PeEL)EBL614771 035 $a(CaPaEBR)ebr10462489 035 $a(CaONFJC)MIL310547 035 $a(MiAaPQ)EBC614771 035 $a(PPN)198455224 035 $a(EXLCZ)992670000000081768 100 $a20110502e20111932 uy 0 101 0 $aeng 135 $aur|n|---||||| 181 $ctxt 182 $cc 183 $acr 200 10$aEconomic tracts for the times$b[electronic resource] /$fG.D.H. Cole 210 $aLondon $cRoutledge$d2011 215 $a1 online resource (207 p.) 225 0 $aG.D.H. Cole : selected works ;$vv. 7 300 $aReprint. Originally published: London : Macmillan & Co., 1932. 311 $a0-415-59838-9 327 $apt. 1. The economic crisis -- pt. 2. Economics in theory and practice -- pt. 3. Socialisation. 330 $aOriginally written as a series of pamphlets and at a time of high unemployment, this volume discusses free trade, monetary policy, wages and employment, economic theory and social legislation. 410 0$aRoutledge Library Editions 606 $aEconomics 606 $aGovernment ownership 607 $aGreat Britain$xEconomic conditions$y1918-1945 607 $aGreat Britain$xEconomic policy 615 0$aEconomics. 615 0$aGovernment ownership. 676 $a304 676 $a330 700 $aCole$b G. D. H$g(George Douglas Howard),$f1889-1959.$0122296 801 0$bMiAaPQ 801 1$bMiAaPQ 801 2$bMiAaPQ 906 $aBOOK 912 $a9910789804803321 996 $aEconomic tracts for the times$93692382 997 $aUNINA LEADER 04521nam 2200769 450 001 9910822426203321 005 20200917021826.0 010 $a3-11-047472-7 010 $a3-11-047570-7 024 7 $a10.1515/9783110475708 035 $a(CKB)3710000000628192 035 $a(SSID)ssj0001628080 035 $a(PQKBManifestationID)16357156 035 $a(PQKBTitleCode)TC0001628080 035 $a(PQKBWorkID)14918166 035 $a(PQKB)10898971 035 $a(PQKBManifestationID)16370450 035 $a(PQKB)24935357 035 $a(MiAaPQ)EBC4451870 035 $a(DE-B1597)463902 035 $a(OCoLC)950964956 035 $a(OCoLC)979602260 035 $a(DE-B1597)9783110475708 035 $a(Au-PeEL)EBL4451870 035 $a(CaPaEBR)ebr11172307 035 $a(CaONFJC)MIL904081 035 $a(OCoLC)945037954 035 $a(PPN)202114325 035 $a(EXLCZ)993710000000628192 100 $a20160329h20162016 uy 0 101 0 $ager 135 $aurcnu|||||||| 181 $ctxt 182 $cc 183 $acr 200 00$aPseudoantike skulptur I $eFallstudien zu antiken Skulpturen und ihren Imitationen /$fherausgegeben von Sascha Kansteiner 210 1$aBerlin, [Germany] :$cDe Gruyter,$d2016. 210 4$d©2016 215 $a1 online resource (198 pages) 225 1 $aTransformationen der Antike,$x1864-5208 ;$v45 300 $aBibliographic Level Mode of Issuance: Monograph 311 $a3-11-047571-5 311 $a3-11-047452-2 320 $aIncludes bibliographical references. 327 $tFrontmatter -- $tVorwort -- $tInhalt -- $tEinleitung -- $tSimone Bianco: Venezianische Skulptur zwischen Antikenbegeisterung und Antikenfälschung / $rKryza-Gersch, Claudia -- $tTeil-Imitationen antiker Statuen: Apollon Typus Centocelle und Silen Orsini / $rKansteiner, Sascha -- $t,Pseudomoderne' Athleten / $rRausa, Federico -- $tNachgemachte griechische Porträts: Demosthenes auf dem Altar und Chrysipp / $rVoutiras, Emmanuel -- $tDie römische Porträtforschung und der Fall des sogenannten Ottaviano Giovinetto im Vatikan. Die Authentizitätsdiskussion als Spiegel des Methodenwandels / $rLorenz, Katharina -- $tDas "Museo Torlonia" von Pietro Ercole und Carlo Lodovico Visconti / $rGasparri, Carlo -- $tPseudoantike Sarkophage. Zum Phänomen der Überarbeitung antiker Sarkophage / $rGoette, Hans Rupprecht -- $tAbgekürzt zitierte Literatur -- $tAbbildungsnachweise -- $tMuseographisches Register -- $tTafelteil 330 $aDie Beschäftigung mit antiker Skulptur hat immer wieder dazu angeregt, antikisierende Bildwerke herzustellen. Etliche dieser Transformationen sind im Rahmen der wissenschaftlichen Beschäftigung mit antiker und nachantiker Skulptur irrtümlich in der Antike verortet worden und daher Gegenstand eines Teilprojektes des SFB 644 (Humboldt-Universität Berlin). Ein Kolloquium, das der SFB im Oktober 2014 ausgerichtet hat, bot die Gelegenheit, die Argumente, die für die Unterscheidung zwischen antiken und vermeintlich antiken Skulpturen(-teilen) ins Feld geführt werden, zusammenzutragen und auf ihre Tragfähigkeit zu prüfen. Die Beispiele aus der Porträt-, Ideal- und Reliefplastik, die während des Kolloquiums diskutiert wurden, liegen nunmehr in dem Band Pseudoantike Skulptur I vor. Zeitversetzt werden die Ergebnisse der Untersuchungen, die im Teilprojekt B 10 angestellt worden sind, in einer Monographie mit dem Titel Pseudoantike Skulptur II präsentiert. Im Vordergrund steht dort die für die Bewertung der Bildhauerkunst der Antike zentrale Frage nach dem Einfluss von Imitationen antiker Skulpturen auf die Beurteilung von klassizistischen Neuschöpfungen aus der römischen Kaiserzeit. 410 0$aTransformationen der Antike ;$v45. 606 $aSculpture, Classical$vCongresses 606 $aSculpture, Classical$xAppreciation$vCongresses 606 $aSculpture, Classical$xForgeries$vCongresses 610 $aSculpture. 610 $aantiquity / reception. 610 $aforgery. 615 0$aSculpture, Classical 615 0$aSculpture, Classical$xAppreciation 615 0$aSculpture, Classical$xForgeries 676 $a733 702 $aKansteiner$b Sascha 712 02$aSonderforschungsbereich Transformationen der Antike. 712 12$aPseudoantike Skulptur (Colloquium) 801 0$bMiAaPQ 801 1$bMiAaPQ 801 2$bMiAaPQ 906 $aBOOK 912 $a9910822426203321 996 $aPseudoantike skulptur I$92637249 997 $aUNINA